000 00629nam a22002177a 4500
999 _c8805
_d8805
003 AR-CdUCM
008 190326b ||||| |||| 00| 0 spa d
040 _aMUNICIPALIDAD PROVINCIAL DEL CUSCO
_cBIBLIOTECA MUNICIPAL DEL CUSCO
082 _a869.27 /
_bZ36
100 _aZanzio, Jorge
_919937
245 _aJuegos de patria :
_bpoesía /
260 _aBuenos Aires :
_bLa imprenta digital,
_c2013
300 _a62 páginas ;
_c20 cm.
505 _aContenido: Poesías.
650 _aLiteratura
_983
650 _aPoesía
_9139
650 _aArgentina
_9511
650 _aSiglo XXI
_92856
942 _2ddc
_cLIBROS
945 _aachl